000
00242nam a2200097Ia 4500
008
230508s2006 xx 000 0 und d
041
_a
eng
100
_a
SEDHA R S
245
_a
A TEXTBOOK OF APPLIED ELECTRONICS
260
_b
S CHAND
_c
2006
_g
2006
999
_c
721235
_d
721235